Povinnosti zamestnávateľov pri oznamovaní protispoločenskej činnosti

Zákon č. 54/2019 Z. z. o ochrane oznamovateľov protispoločenskej činnosti a o zmene a doplnení niektorých zákonov („Zákon o whistleblowingu“), prijatý dňa 30. 1. 2019 Národnou radou SR a účinný od 1. 3. 2019. Zákon o whistleblowingu nahradil v praxi zákon č. 307/2014 Z. z. o niektorých opatreniach s...

Ausführliche Beschreibung

Gespeichert in:
Bibliographische Detailangaben
1. Verfasser: Mičudová, Tatiana
Format: Buchkapitel
Sprache:Slowakisch
Schlagworte:
Tags: Tag hinzufügen
Keine Tags, Fügen Sie das erste Tag hinzu!

MARC

LEADER 00000naa a2200000 4500
001 0277276
005 20210715114525.2
041 0 |a slo 
044 |a SK 
245 1 0 |a Povinnosti zamestnávateľov pri oznamovaní protispoločenskej činnosti  |c Tatiana Mičudová 
520 |a Zákon č. 54/2019 Z. z. o ochrane oznamovateľov protispoločenskej činnosti a o zmene a doplnení niektorých zákonov („Zákon o whistleblowingu“), prijatý dňa 30. 1. 2019 Národnou radou SR a účinný od 1. 3. 2019. Zákon o whistleblowingu nahradil v praxi zákon č. 307/2014 Z. z. o niektorých opatreniach súvisiacich s oznamovaním protispoločenskej činnosti a o zmene a doplnení niektorých zákonov, účinnom od 1. 7. 2014. Jednotlivé povinnosti, ktoré právna úprava ustanovuje zamestnávateľom a orgánom verejnej moci, aj v súvislosti s ochranou oznamovateľov a právomocí inšpektorátov práce. 
610 2 0 |a oznamovanie chránené 
610 2 0 |a povinnosti zamestnávateľov 
610 2 0 |a inšpekcia štátna 
610 2 0 |a ochrana právna 
610 2 0 |a činnosť trestná 
610 2 0 |a zákony 
610 2 0 |a právo trestné 
610 2 0 |a Slovensko 
610 2 0 |a Európska únia 
100 1 |a Mičudová, Tatiana